000 00555cam a2200217 a 4500
001 12383158
005 20180214040049.0
008 010418s2001 ilua 000 0 eng
010 _a 2001523723
020 _a0618007830
040 _aDLC
_cDLC
_dDLC
041 _aeng
080 _a428.6 LIT
082 0 0 _a428.6 LIT
_221
100 _a48
101 _aEDU
245 0 4 _aThe interActive reader.
906 _a7
_bcbc
_corignew
_d2
_encip
_f20
_gy-gencatlg
942 _2ddc
_cBK
999 _c42469
_d42469